| 000 | 00575nam a22001697a 4500 | ||
|---|---|---|---|
| 003 | NUST | ||
| 038 | _aNusrat Nadeem | ||
| 082 | _a200 | ||
| 100 |
_aKhalid Muneeba _9124185 |
||
| 245 |
_aBioprocessing Microalgae for Its Applications in Therapeutics and Bioresource Management/ _cMuneeba Khalid |
||
| 264 |
_aIslamabad; _bASAB NUST; _c2019. |
||
| 300 |
_a148,p; _bill; _c30,cm. |
||
| 650 |
_aPhD-Industrial Biotechnology _9123908 |
||
| 700 |
_aSupervisor:Dr.Hussnain Ahmed Janjua _9124153 |
||
| 856 | _uhttp://10.250.8.41:8080/xmlui/handle/123456789/31995 | ||
| 942 |
_2ddc _cSC |
||
| 999 |
_c610123 _d610123 |
||